AH International Schools' Libraries

Leadership in education / (Record no. 48939)

MARC details
000 -LEADER
fixed length control field 00397nam a2200133 4500
020 ## - INTERNATIONAL STANDARD BOOK NUMBER
International Standard Book Number 0761940480
100 ## - MAIN ENTRY--PERSONAL NAME
Personal name Brundett, Mark.
9 (RLIN) 86325
245 ## - TITLE STATEMENT
Title Leadership in education /
Statement of responsibility, etc Mark Brundett.
260 ## - PUBLICATION, DISTRIBUTION, ETC. (IMPRINT)
Place of publication, distribution, etc London:
Name of publisher, distributor, etc Sage Publications;
Date of publication, distribution, etc 2006.
300 ## - PHYSICAL DESCRIPTION
Extent 202 p.
Other physical details 23 cm.
650 ## - SUBJECT ADDED ENTRY--TOPICAL TERM
Topical term or geographic name as entry element Theory and practice in education.
9 (RLIN) 86326
700 ## - ADDED ENTRY--PERSONAL NAME
Personal name Neil Burton. Robert Smith.
9 (RLIN) 86327
942 ## - ADDED ENTRY ELEMENTS (KOHA)
Source of classification or shelving scheme
Koha item type Teacher's Resources
Holdings
Withdrawn status Lost status Source of classification or shelving scheme Damaged status Not for loan Collection code Home library Current library Date acquired Full call number Barcode Date last seen Price effective from Koha item type
          TEACHERS' RESOURCES Asian Hope Secondary Library Asian Hope Secondary Library 05/21/2025 371.2 BRU 208268 01/16/2026 05/21/2025 Teacher's Resources

For any Logos Library related questions please contact Miss Art at swongnarasuk@asianhope.org.

For any Asian Hope Library related questions please contact Miss Raza at graza@asianhope.org.

Powered by Koha